Korszerűbben és hatékonyabban A szegedi kábelgyártásról /
Elmentve itt :
| Szerző: | |
|---|---|
| Dokumentumtípus: | Cikk |
| Megjelent: |
1975-12-11
|
| Sorozat: | Délmagyarország
65 No. 290 |
| Kulcsszavak: | Kábelgyár |
| Online Access: | http://dmarchiv.bibl.u-szeged.hu/107121 |
| LEADER | 00486nab a2200157 i 4500 | ||
|---|---|---|---|
| 001 | delm107121 | ||
| 005 | 20190418121741.0 | ||
| 008 | 190418s1975 hu o 0|| hun d | ||
| 040 | |a SZTE Délmagyarország Archívum |b hun | ||
| 041 | |a hun | ||
| 100 | 1 | |a Gazdagh István | |
| 245 | 1 | 0 | |a Korszerűbben és hatékonyabban |h [elektronikus dokumentum] : |b A szegedi kábelgyártásról / |c Gazdagh István |
| 260 | |c 1975-12-11 | ||
| 300 | |a 3 | ||
| 490 | 0 | |a Délmagyarország |v 65 No. 290 | |
| 695 | |a Kábelgyár | ||